| 000 | 00780nam a2200217 a 4500 | ||
|---|---|---|---|
| 005 | 20240113063645.0 | ||
| 008 | 991125s1977 es 000 0 spa u | ||
| 020 | _a8425206244 | ||
| 035 | _aUPN01000039716 | ||
| 049 | _aCG | ||
| 050 | 4 |
_aN72 S6 _bV5.48 |
|
| 245 | 0 | 0 |
_aMiseria de la comunicación visual : _belementos para una crítica de la industria de la conciencia / _cH. K. Ehmer... [et al.] ; tr. Eduard Subirats Rüggeberg. |
| 260 |
_aBarcelona, Esp. : _bG. Gili, _c1977. |
||
| 300 |
_a428 p. : _bil. |
||
| 440 | 0 | _aComunicación visual | |
| 534 |
_pTraducción de: _aVisuelle kommunikation : beitráge zur kritik der bewussteinsindustrie |
||
| 650 | 4 |
_aArte y sociedad _92741 |
|
| 650 | 4 |
_aComunicación _99285 |
|
| 700 | 1 |
_aEhmer, Herman K., _ecoaut. |
|
| 905 | _aLibro | ||
| 999 |
_c39716 _d39716 |
||